Компании Intel анонсирует комплексное решение для администраторов информационных систем; Промышленные контроллеры АСУ; № 2

Detaylı Bibliyografya
Parent link:Промышленные контроллеры АСУ: ежемесячный научно-технический производственный журнал.— , 2002-
№ 2.— 2002.— С. 33
Dil:Rusça
Baskı/Yayın Bilgisi: 2002
Seri Bilgileri:Новости системостроения
Konular:
Materyal Türü: Kitap Bölümü
KOHA link:https://koha.lib.tpu.ru/cgi-bin/koha/opac-detail.pl?biblionumber=382571

MARC

LEADER 00000naa2a2200000 4500
001 382571
005 20231101063006.0
035 |a (RuTPU)RU\TPU\prd\6744 
090 |a 382571 
100 |a 20020925a2002 k y0rusy50 ca 
101 0 |a rus 
102 |a RU 
200 1 |a Компании Intel анонсирует комплексное решение для администраторов информационных систем 
225 1 |a Новости системостроения 
461 1 |0 (RuTPU)RU\TPU\prd\2287  |t Промышленные контроллеры АСУ  |o ежемесячный научно-технический производственный журнал  |d 2002- 
463 1 |0 (RuTPU)RU\TPU\prd\2452  |t № 2  |v С. 33  |d 2002 
610 1 |a Intel 
610 1 |a компании 
610 1 |a информационные системы 
610 1 |a администраторы информационных систем 
610 1 |a программные пакеты 
801 1 |a RU  |b 63413507  |c 20020925  |g PSBO 
942 |c BK